Регионална библиотека "Любен Каравелов" - Русе

Хоро (Запис номер 460168)

MARC детайли
000 -Лидер
Контролно поле с фиксирана дължина nam a22 c 4500
003 - Код на организацията, давaща контролен номер
Контролно поле BLK
005 - Дата и час на последна редакция
Контролно поле 20230518030343.0
008 - Елементи от данни с фиксирана дължина
fixed length control field 200722b bul|||||r ||||||| ||bul||
040 ## - Източник на каталожния запис
Идентификатор на билиотеката - собственик на записа BLK
041 ## - Код за език
Код за езика на текст/звукозапис или на отделно заглавие Български
Код за езика КДБФ Български
080 ## - УДК
Текстов определител УДК Българска литература
УДК код - определител по УДК 821.163.2
УДК определител -31
УДК - код + определител 821.163.2-31
139 ## - Редно поле
Редна дума Страшимиров, Антон
245 10 - Сведения за заглавието
Заглавие Хоро
Подзаглавни данни Роман
Редно поле (дума) Антон Страшимиров ; предг. Георги Марков.
257 ## - Страна на издаване
Страна на създаване/издаване България
260 ## - Област на издателските данни
Място на издаване, разпространение и проч. София
Име на издателя, разпространителя и проч. Бълг. писател
Година на издаване 1967
300 ## - Физическа характеристика
Страници 112 с.
Размери/Мащаб 20 см
380 ## - Жанр
Жанр Худож. лит.
490 ## - СЕРИИ (Колекции)
9 (RLIN) 201322
Име на серия Библиотека за ученика
500 ## - Общи забележки
Забележка 1. изд. 1961
700 ## - Други автори (авторска отговорност)
9 (RLIN) 401063
Лично име Марков, Георги Митрев
Автороска отговорност (Описва отношението между автора и произведението) предг.
852 ## - Местоположение
Форматна сигнатура Цб 41810
Фондова буква Хранилище
999 ## - СИСТЕМНИ КОНТРОЛНИ НОМЕРА
Koha biblionumber 460168
Koha biblioitemnumber 460168
942 ## - АРТИКУЛИ
Вид на библиотечния материал Книги
Скрит в OPAC Не
Периодичен библиозапис Да
944 ## - СЪЗДАВАНЕ И РЕДАКЦИЯ на ЗАПИСА
Служител, извършил регистрацията/редакцията ТД
Наличности
Код за отписване Код за изгубен артикул Източник на класификационната схема Код за повреда Коз за рестрикции Код за отдаване Артикулен № Име на библиотеката - собственик Име на библиотеката, в която се намира в момента Статус (Текущо местоположение) Дата на вписване в системата Местоположение - отдел Цена в лева Инвентарен номер Систематично азбучна сигнатура Баркод Цена в евро Служебен тип на артикула
  Не е изгубен Universal Decimal Classification Не е повреден само за читалня ползва се в читалня 889143 Регионална библиотека "Любен Каравелов" Русе Регионална библиотека "Любен Каравелов" Русе Хранилище 2022-06-13 Хранилище 0.26 10702/67 Цб 41810 900000100069 0.13 Книги
Vip Innovations Ltd, Rousse, Bulgaria 2025